| 000 | 00411nam a22001457a 4500 | ||
|---|---|---|---|
| 003 | OSt | ||
| 008 | 241030b |||||||| |||| 00| 0 eng d | ||
| 020 | _a9788122415407 | ||
| 082 |
_a621.47 _bMUK/FU |
||
| 100 |
_aMukherjee D. _aChakrabarti S. _96343 |
||
| 245 | _aFundamentals of Renewable Energy Systems | ||
| 260 |
_aNew Delhi _bNew Age International (P) Limited, Publishers _c2011 |
||
| 300 | _a251 | ||
| 942 | _cBK | ||
| 999 |
_c14234 _d14234 |
||